00539nam a22001697a 4500010002700000020002500027035002700052037001300079037001600092082001000108100001600118245007300134260004100207270006100248300002200309650003800331 aENG-97744 B-422905-908 a9788128824234c50.00 aEN-81277 B-422905-908 bDBAD/PUB bK.K.Pub/Ven a158.1 aVaid, Sunil aBeat the entrance exam the smart way :bmcq special /cby Sunil Vaid aNew DelhibDimond Pocket Booksc2010 aX-30, Okhla Industrial Area, Phase-IIbNew Delhie110020 a102p.c21cm (pbk) aPersonal improvement and analysis